Rozvoj stredísk zimného turizmu na Slovensku - predpoklad ich európskej konkurencieschopnosti

Zimný turizmus v rámci typológie stredísk cestovného ruchu. Medzinárodná kategorizácia lyžiarskych stredísk podľa Skiresort International a kategorizácia lyžiarskych stredísk na Slovensku. Závery a návrhy, vyplývajúce z komparácie vybraných stredísk zimného turizmu. Kategorizácia lyžiarskych stredís...

Description complète

Enregistré dans:
Détails bibliographiques
Auteur principal: Pachingerová, Mária
Format: Chapitre de livre
Langue:slovaque
Sujets:
Tags: Ajouter un tag
Pas de tags, Soyez le premier à ajouter un tag!

MARC

LEADER 00000naa$a2200000$$$4500
001 0036244
005 20240502071450.7
041 0 |a slo 
044 |a SK 
245 1 0 |a Rozvoj stredísk zimného turizmu na Slovensku - predpoklad ich európskej konkurencieschopnosti  |c Mária Pachingerová 
520 |a Zimný turizmus v rámci typológie stredísk cestovného ruchu. Medzinárodná kategorizácia lyžiarskych stredísk podľa Skiresort International a kategorizácia lyžiarskych stredísk na Slovensku. Závery a návrhy, vyplývajúce z komparácie vybraných stredísk zimného turizmu. Kategorizácia lyžiarskych stredísk na Slovensku. 
610 2 0 |a ruch cestovný 
610 2 0 |a strediská ruchu cestovného 
610 2 0 |a konkurencia 
610 2 0 |a zariadenia rekreačné 
610 2 0 |a zariadenia stravovacie 
610 2 0 |a zariadenia ubytovacie 
610 2 0 |a šport 
100 1 |a Pachingerová, Mária